[Event "Sicilian Najdorf"]
[Site "SchemingMind.com"]
[Date "2009.06.16"]
[Round "-"]
[White "thebirdolux"]
[Black "griffimv"]
[Result "1/2-1/2"]
[WhiteCountry "USA"]
[BlackCountry "INT"]
[WhiteElo "2425"]
[WhiteRD "69"]
[BlackElo "2400"]
[BlackRD "83"]
[GameID "208261"]

1. e4 c5 2. Nf3 d6 3. d4 cxd4 4. Nxd4 Nf6 5. Nc3 a6 6. Be3 e5 7. Nb3 Be6 8. Be2 Be7 9. O-O O-O 10. f4 exf4
11. Rxf4 Nc6 12. Qd2 d5 13. exd5 Nxd5 14. Nxd5 Qxd5 15. Qxd5 Bxd5 16. Rd1 Rad8 17. Bb6 Rd6 18. Bc5 Re6 19. Bxe7 Rxe7 20. c4=
1/2-1/2

[Event "Sicilian Najdorf"]
[Site "SchemingMind.com"]
[Date "2009.06.12"]
[Round "-"]
[White "thebirdolux"]
[Black "maaac"]
[Result "1-0"]
[WhiteCountry "USA"]
[BlackCountry "AUS"]
[WhiteElo "2408"]
[WhiteRD "71"]
[BlackElo "1972"]
[BlackRD "74"]
[GameID "208262"]

1. e4 c5 2. Nf3 d6 3. d4 cxd4 4. Nxd4 Nf6 5. Nc3 a6 6. Be3 e5 7. Nb3 Be7 8. f3 Rg8 9. Qd2 Be6 10. O-O-O Nbd7
11. g4 Nb6 12. g5 Nfd7 13. Kb1 Rc8 14. h4 f5 15. Na5 Qc7 16. Bh3 g6 17. f4 Nc4 18. Nxc4 Qxc4 19. Bg2 b5 20. exf5 Bxf5
21. Bd5
1-0

[Event "Sicilian Najdorf"]
[Site "SchemingMind.com"]
[Date "2009.06.11"]
[Round "-"]
[White "thebirdolux"]
[Black "joopsim"]
[Result "1-0"]
[WhiteCountry "USA"]
[BlackCountry "NED"]
[WhiteElo "2408"]
[WhiteRD "71"]
[BlackElo "2352"]
[BlackRD "78"]
[GameID "208263"]

1. e4 c5 2. Nf3 d6 3. d4 cxd4 4. Nxd4 Nf6 5. Nc3 a6 6. Be3 e6 7. Be2 Be7 8. Qd2 O-O 9. O-O-O Qc7 10. f3 b5
11. g4 b4 12. Na4 Qa5 13. b3 Bb7 14. a3 Qc7 15. axb4 Nfd7 16. b5 Rc8 17. Kb2 Nc5 18. Ra1 Bf6 19. Nc3 a5 20. h4 Nbd7
21. g5 Be5 22. Ra3 d5 23. exd5 exd5 24. f4 Bd6 25. Rha1 Ne6 26. Nxe6 Bxa3+ 27. Rxa3 fxe6 28. h5 Nf8 29. b6 Qe7 30. Bd4 Re8
31. Bb5 Nd7 32. h6 g6 33. Qe3 e5 34. fxe5
1-0

[Event "Sicilian Najdorf"]
[Site "SchemingMind.com"]
[Date "2009.06.11"]
[Round "-"]
[White "thebirdolux"]
[Black "BogusAurelius"]
[Result "1/2-1/2"]
[WhiteCountry "USA"]
[BlackCountry "USA"]
[WhiteElo "2408"]
[WhiteRD "71"]
[BlackElo "2378"]
[BlackRD "82"]
[GameID "208264"]

1. e4 c5 2. Nf3 d6 3. d4 cxd4 4. Nxd4 Nf6 5. Nc3 a6 6. Be3 e5 7. Nb3 Be6 8. f3 Be7 9. Nd5 Nxd5 10. exd5 Bf5
11. Bd3 Bxd3 12. Qxd3 Nd7 13. g3 O-O 14. h4 a5 15. a4 Rc8 16. c3 f5 17. O-O-O Nb6 18. Nxa5 Nxa4 19. Qb5 Qc7 20. Qxa4 Ra8
21. Kc2 Rxa5 22. Qb4 Raa8 23. h5 h6 24. Ra1 Qd7 25. Qc4 Rfc8 26. Rxa8 Rxa8 27. Rg1 Ra4 28. Qd3 b5 29. Rf1 Bf6 30. Bd2 Bd8
31. Be3 e4 32. fxe4 fxe4 33. Qe2 b4 34. Bd2 bxc3 35. Bxc3 Bg5 36. Qf2 Ra8 37. Qf5 Qxf5 38. Rxf5=
1/2-1/2

[Event "Sicilian Najdorf"]
[Site "SchemingMind.com"]
[Date "2009.06.12"]
[Round "-"]
[White "thebirdolux"]
[Black "badbishop"]
[Result "1/2-1/2"]
[WhiteCountry "USA"]
[BlackCountry "POL"]
[WhiteElo "2415"]
[WhiteRD "70"]
[BlackElo "2224"]
[BlackRD "72"]
[GameID "208265"]

1. e4 c5 2. Nf3 d6 3. d4 cxd4 4. Nxd4 Nf6 5. Nc3 a6 6. Be3 e6 7. f3 b5 8. Qd2 Nbd7 9. a3 Bb7 10. O-O-O Rc8
11. g4 Ne5 12. Kb1 Nxf3 13. Nxf3 Nxe4 14. Nxe4 Bxe4 15. Bg2 Rxc2 16. Qxc2 Bxc2+ 17. Kxc2 d5 18. Rc1 Bd6 19. Kb1 Qd7 20. h3 O-O
21. Nd4 b4 22. axb4 Bxb4 23. Nc6 Bd6 24. Rc3 a5 25. g5 a4 26. Rhc1 Qb7 27. R1c2 Qb5 28. Ka2 a3 29. bxa3 Qa4 30. Bc1 Ra8
31. Bf1=
1/2-1/2

[Event "Sicilian Najdorf"]
[Site "SchemingMind.com"]
[Date "2009.06.16"]
[Round "-"]
[White "thebirdolux"]
[Black "kiraly"]
[Result "1/2-1/2"]
[WhiteCountry "USA"]
[BlackCountry "INT"]
[WhiteElo "2415"]
[WhiteRD "70"]
[BlackElo "2369"]
[BlackRD "79"]
[GameID "208266"]

1. e4 c5 2. Nf3 d6 3. d4 cxd4 4. Nxd4 Nf6 5. Nc3 a6 6. Be3 e6 7. Qd2 Be7 8. f3 O-O 9. Be2 Nc6 10. O-O-O Nxd4
11. Qxd4 b5 12. e5 dxe5 13. Qxe5 Qa5 14. Bd4 Bb7 15. Rd2 Rfd8 16. Rhd1 Bd6 17. Bb6 Qxb6 18. Rxd6 Rxd6 19. Qxd6 Qe3+ 20. Qd2 Qe5
21. Qd8+ Ne8 22. Qe7 Bc6 23. h4 Qe3+ 24. Kb1 Qf2 25. g4 Ra7 26. Qa3 Ra8 27. g5 Qxh4 28. Qc5 Bb7 29. a4 Qf4 30. axb5 axb5
31. Bxb5 Qc7 32. Qxc7 Nxc7 33. Be2 Kf8 34. Rd7 Rc8 35. f4 Bc6 36. Rd4 Ke7 37. b4 Rb8 38. Kb2 f6 39. Ka3 Be8 40. Bc4 h5
41. gxh6 gxh6 42. Rd1 Bg6 43. Rd2 h5 44. b5 h4 45. Rh2 Kd6 46. Rxh4 Bxc2 47. Rh2 Bf5 48. Rd2+ Kc5 49. Kb3 Nxb5 50. Nxb5 Rxb5+
51. Bxb5 Kxb5 52. Rd8 Kc5 53. Kc3 e5 54. Rf8 Kd5 55. Rxf6 Ke4 56. fxe5 Kxe5=
1/2-1/2

[Event "Sicilian Najdorf"]
[Site "SchemingMind.com"]
[Date "2009.06.11"]
[Round "-"]
[White "thebirdolux"]
[Black "goodknight"]
[Result "1-0"]
[WhiteCountry "USA"]
[BlackCountry "POL"]
[WhiteElo "2433"]
[WhiteRD "72"]
[BlackElo "2263"]
[BlackRD "73"]
[GameID "208267"]

1. e4 c5 2. Nf3 d6 3. d4 cxd4 4. Nxd4 Nf6 5. Nc3 a6 6. Be3 e5 7. Nb3 Be6 8. Qd2 Be7 9. f3 O-O 10. O-O-O Nbd7
11. g4 b5 12. g5 b4 13. Ne2 Ne8 14. f4 a5 15. f5 a4 16. fxe6 axb3 17. cxb3 fxe6 18. Bh3 Rxa2 19. Bxe6+ Kh8 20. Ng3 Nc7
21. Bc4 Qa8 22. Qe2 Rc8 23. Nf5 Bf8 24. Qg4 d5 25. exd5 Nxd5 26. Rhf1 Nxe3 27. Nxe3 Nb6 28. Kb1 Be7 29. h4 Ra1+ 30. Kc2 Rxd1
31. Rxd1 Bc5 32. Be6 Rf8 33. Nc4 Rf4 34. Qh3 Bd4 35. Nxb6 Bxb6 36. Bc4 Rf2+ 37. Rd2 Rf8 38. h5 Qe4+ 39. Bd3 Qc6+ 40. Bc4 Bd4
41. g6 h6 42. Kb1 Qe4+ 43. Rc2 Be3 44. Bb5 Bg5 45. Qd7 Rd8 46. Qc6 Qf5 47. Be2 Bf6 48. Qb7 e4 49. Qxb4 Qe5 50. Qb7 Qd4
51. b4 e3 52. b5 Qb4 53. Qa6 Bd4= 54. Ka2 Bf6 55. b6 Qe4 56. Rc4 Qe5 57. Qa3 Qd5 58. Qc5 Qa8+ 59. Kb3 Rb8 60. Ra4 Qh1
61. Ka2 Rd8 62. Qc4 Qb7 63. Qb5 Rf8 64. Ra7 Qb8 65. Rf7 Rg8 66. b7
1-0

[Event "Sicilian Najdorf"]
[Site "SchemingMind.com"]
[Date "2009.06.12"]
[Round "-"]
[White "_keyes"]
[Black "thebirdolux"]
[Result "0-1"]
[WhiteCountry "ENG"]
[BlackCountry "USA"]
[WhiteElo "2012"]
[WhiteRD "73"]
[BlackElo "2425"]
[BlackRD "69"]
[GameID "208268"]

1. e4 c5 2. Nf3 d6 3. d4 cxd4 4. Nxd4 Nf6 5. Nc3 a6 6. Bg5 e6 7. f4 Qc7 8. Qf3 Be7 9. O-O-O h6 10. Bh4 Nbd7
11. g4 b5 12. a3 Bb7 13. Bxf6 Bxf6 14. Ndxb5 axb5 15. Nxb5 Qb6 16. Rxd6 Bc6 17. Nc3 Ke7 18. Rxc6 Qxc6 19. Bb5 Qb7 20. Be2 Bxc3
21. Qxc3 Qxe4 22. Bf3 Qxf4+ 23. Kb1 Rac8 24. Qd3 Ne5
0-1

[Event "Sicilian Najdorf"]
[Site "SchemingMind.com"]
[Date "2009.06.16"]
[Round "-"]
[White "griffimv"]
[Black "thebirdolux"]
[Result "1/2-1/2"]
[WhiteCountry "INT"]
[BlackCountry "USA"]
[WhiteElo "2382"]
[WhiteRD "78"]
[BlackElo "2415"]
[BlackRD "70"]
[GameID "208269"]

1. e4 c5 2. Nf3 d6 3. d4 cxd4 4. Nxd4 Nf6 5. Nc3 a6 6. Be3 e5 7. Nb3 Be7 8. Qd2 Ng4 9. Nd5 Nxe3 10. Qxe3 Be6
11. Rd1 O-O 12. Be2 Nc6 13. Nxe7+ Qxe7 14. O-O Rfd8 15. c4 Qc7 16. Rc1 Rac8 17. Rfd1 a5 18. Nd2 Nd4 19. b3 f6 20. h3 a4
21. Nf3 Nxe2+ 22. Qxe2 b5 23. cxb5 Qxc1 24. Rxc1 Rxc1+ 25. Kh2 axb3 26. axb3 Rc7 27. Nd2 Rb7 28. f4 exf4 29. Nf3 Bxb3 30. Nd4 Bf7
31. Qf3 Rb6 32. Qxf4 Rdb8 33. Nc6 Re8 34. Qxd6 Rxb5 35. Qd7 Rb6 36. e5 fxe5 37. Nxe5 Bh5=
1/2-1/2

[Event "Sicilian Najdorf"]
[Site "SchemingMind.com"]
[Date "2009.06.12"]
[Round "-"]
[White "maaac"]
[Black "thebirdolux"]
[Result "0-1"]
[WhiteCountry "AUS"]
[BlackCountry "USA"]
[WhiteElo "1972"]
[WhiteRD "74"]
[BlackElo "2408"]
[BlackRD "71"]
[GameID "208270"]

1. e4 c5 2. Nf3 d6 3. d4 cxd4 4. Nxd4 Nf6 5. Nc3 a6 6. Bg5 e6 7. f4 Qb6 8. Bxf6 gxf6 9. Be2 Qxb2 10. Na4 Qa3
11. c3 Nd7 12. O-O b5 13. Bh5 Bb7 14. Qg4 O-O-O 15. Bxf7 Qxa4 16. Nxe6 Bxe4 17. Nxd8 Kxd8 18. Bb3 Qa3 19. Qe6 d5 20. Rad1 Qb2
21. Qh3 Rg8
0-1

[Event "Sicilian Najdorf"]
[Site "SchemingMind.com"]
[Date "2009.06.12"]
[Round "-"]
[White "joopsim"]
[Black "thebirdolux"]
[Result "0-1"]
[WhiteCountry "NED"]
[BlackCountry "USA"]
[WhiteElo "2352"]
[WhiteRD "78"]
[BlackElo "2408"]
[BlackRD "71"]
[GameID "208271"]

1. e4 c5 2. Nf3 d6 3. d4 cxd4 4. Nxd4 Nf6 5. Nc3 a6 6. Rg1 Nc6 7. g4 h6 8. h4 Nxd4 9. Qxd4 Nxg4 10. Nd5 Bd7
11. Be2 h5 12. f3 e6 13. Bg5 f6 14. fxg4 exd5 15. Bd2 hxg4 16. O-O-O Qc8 17. exd5 Rxh4 18. Qf4 Kf7 19. Rdf1 Bb5 20. Qf2 Bxe2
21. Qxe2 Qd7 22. Rf4 Re8 23. Qf2 g3 24. Qxg3 Rxf4 25. Qxf4 Re5 26. Qg3 Qf5 27. Qb3 Re7 28. a4 g5 29. a5 Kg6 30. Kb1 Re2
0-1

[Event "Sicilian Najdorf"]
[Site "SchemingMind.com"]
[Date "2009.06.11"]
[Round "-"]
[White "BogusAurelius"]
[Black "thebirdolux"]
[Result "0-1"]
[WhiteCountry "USA"]
[BlackCountry "USA"]
[WhiteElo "2394"]
[WhiteRD "79"]
[BlackElo "2425"]
[BlackRD "69"]
[GameID "208272"]

1. e4 c5 2. Nf3 d6 3. d4 cxd4 4. Nxd4 Nf6 5. Nc3 a6 6. Be3 Nbd7 7. f3 e5 8. Nb3 Nb6 9. Qd2 Be6 10. O-O-O Be7
11. g4 O-O 12. Rg1 Qc7 13. h4 Nc4 14. Bxc4 Qxc4 15. g5 Nh5 16. Kb1 a5 17. Nd5 Bd8 18. Nf6+ Nxf6 19. gxf6 g6 20. Bh6 a4
21. Nc1 Ba5 22. Qxd6 Rfc8 23. Qd3 Qc6 24. h5 a3 25. b3 Rd8 26. Qe2 Bb6 27. Bd2 Rdc8 28. Bb4 Bxg1 29. Rxg1 Qb6 30. Qe1 Qd8
31. Qf2 Qxf6 32. Nd3 g5 33. Qg3 h6 34. Nxe5 Kh7 35. Re1 Qd8 36. Qf2 Ra6 37. Rc1 f6 38. Ng6 Bf7 39. Ne7 Rc7 40. Nf5 Rd7
41. Qe2 Qb6 42. Bc3 Qc5 43. Ba1 Rc6 44. Rf1 Re6 45. Qe1 Bxh5 46. Ne3 Bg6 47. Ng4 Rdd6
0-1

[Event "Sicilian Najdorf"]
[Site "SchemingMind.com"]
[Date "2009.06.13"]
[Round "-"]
[White "badbishop"]
[Black "thebirdolux"]
[Result "0-1"]
[WhiteCountry "POL"]
[BlackCountry "USA"]
[WhiteElo "2287"]
[WhiteRD "80"]
[BlackElo "2408"]
[BlackRD "71"]
[GameID "208273"]

1. e4 c5 2. Nf3 d6 3. d4 cxd4 4. Nxd4 Nf6 5. Nc3 a6 6. f4 e6 7. Qf3 e5 8. Nb3 Nc6 9. Bd3 Be7 10. Be3 exf4
11. Bxf4 O-O 12. O-O Ne5 13. Qe2 Be6 14. Rad1 Bg4
0-1

[Event "Sicilian Najdorf"]
[Site "SchemingMind.com"]
[Date "2009.06.16"]
[Round "-"]
[White "kiraly"]
[Black "thebirdolux"]
[Result "1/2-1/2"]
[WhiteCountry "INT"]
[BlackCountry "USA"]
[WhiteElo "2364"]
[WhiteRD "84"]
[BlackElo "2425"]
[BlackRD "69"]
[GameID "208274"]

1. e4 c5 2. Nf3 d6 3. d4 cxd4 4. Nxd4 Nf6 5. Nc3 a6 6. Be3 e6 7. f3 b5 8. Qd2 Bb7 9. Bd3 Nbd7 10. O-O Ne5
11. Be2 Be7 12. Rad1 O-O 13. a4 b4 14. Na2 d5 15. Nxb4 a5 16. Na2 dxe4 17. Nc3 Bc5 18. Nxe4 Bxe4 19. fxe4 Nxe4 20. Qc1 Qb6
21. c3 Rad8 22. Kh1 Rd5 23. Bg1 Rfd8 24. Qf4 Nf6 25. Qc1 h6 26. Bb5 Neg4 27. h3 e5 28. Bc4 exd4 29. Bxd5 Rxd5 30. cxd4 Rh5
31. Qxc5 Rxc5 32. dxc5 Ne4 33. Rf3 Qe6 34. hxg4 Qxg4 35. Rc1 Qh4+ 36. Rh3 Ng3+ 37. Kh2 Qf4 38. Re1 Nf5+ 39. Kh1=
1/2-1/2

[Event "Sicilian Najdorf"]
[Site "SchemingMind.com"]
[Date "2009.06.11"]
[Round "-"]
[White "goodknight"]
[Black "thebirdolux"]
[Result "1/2-1/2"]
[WhiteCountry "POL"]
[BlackCountry "USA"]
[WhiteElo "2263"]
[WhiteRD "73"]
[BlackElo "2433"]
[BlackRD "72"]
[GameID "208275"]

1. e4 c5 2. Nf3 d6 3. d4 cxd4 4. Nxd4 Nf6 5. Nc3 a6 6. Be3 e6 7. f3 Be7 8. Qd2 Qc7 9. O-O-O b5 10. g4 Nc6
11. g5 Nd7 12. h4 Nce5 13. f4 b4 14. Nd5 exd5 15. fxe5 dxe5 16. Nf5 d4 17. Nxe7 Kxe7 18. Qxb4+ Qc5 19. Bd2 a5 20. Qb3 Nb6
21. h5 Bg4 22. Re1 Rhc8 23. Bd3 Be6 24. Qb5 Qxb5 25. Bxb5 Bxa2 26. g6 fxg6 27. hxg6 h6 28. Ref1 Kd6 29. Rh3 Nc4 30. Bxc4 Bxc4
31. Rf2 Rf8 32. Rhf3 Rfb8 33. Be1 a4 34. Rd2 Rb5 35. Ra3 Rc5 36. Rf2 Rc7 37. Raf3 Rac8 38. Ba5 Rb7 39. Rf8 Rxf8 40. Rxf8 Bb5
41. Rd8+ Ke6 42. c3 d3 43. Bb4 Kf6 44. Rd5 h5 45. Bd6 h4 46. Bxe5+ Kxg6 47. Bf4 Bd7 48. Rg5+ Kf6 49. Rh5 h3 50. Rd5 Kg6
51. c4 d2+ 52. Rxd2 Kh5 53. Bh2 g5 54. c5 Bc6 55. Rd6 Bxe4 56. c6 Rc7 57. Rh6+ Kxh6 58. Bxc7 Bxc6 59. Kd2 Kh5 60. Ke1 Kg4
61. Kf2 Be4 62. Bd6 Bd5=
1/2-1/2

[Event "Sicilian Najdorf"]
[Site "SchemingMind.com"]
[Date "2009.06.18"]
[Round "-"]
[White "acbrasileiro"]
[Black "_keyes"]
[Result "1/2-1/2"]
[WhiteCountry "BRA"]
[BlackCountry "ENG"]
[WhiteElo "2110"]
[WhiteRD "80"]
[BlackElo "1989"]
[BlackRD "70"]
[GameID "208562"]

1. e4 c5 2. Nf3 d6 3. d4 cxd4 4. Nxd4 Nf6 5. Nc3 a6 6. Be2 e5 7. Nb3 Be6 8. O-O Be7 9. Be3 O-O 10. Qd2 Nbd7
11. f4 Qc7 12. f5 Bc4 13. Bxc4 Qxc4 14. Qd3 Qc7 15. Rad1 Rac8 16. Rd2 b5 17. a3 Nb6 18. Bxb6 Qxb6+ 19. Kh1 Rfd8 20. Qe2 a5
21. Nd5 Nxd5 22. Rxd5 Rb8 23. Rfd1 a4 24. Nd2 Rdc8 25. c3 Bf8 26. Nf1 Rc5 27. Ne3 Rbc8 28. f6 g6 29. R5d3 Qd8 30. Nd5 Rb8
31. Rg3 Kh8 32. Rf1 h6 33. Rh3 Kh7 34. g4 Qd7 35. Rd3 Qd8 36. h4 Qd7 37. Qf3 Rb7 38. h5 g5 39. Kh2 Kh8 40. Kg3 Kg8=
1/2-1/2

[Event "Sicilian Najdorf"]
[Site "SchemingMind.com"]
[Date "2009.06.18"]
[Round "-"]
[White "acbrasileiro"]
[Black "griffimv"]
[Result "0-1"]
[WhiteCountry "BRA"]
[BlackCountry "INT"]
[WhiteElo "2057"]
[WhiteRD "81"]
[BlackElo "2382"]
[BlackRD "78"]
[GameID "208563"]

1. e4 c5 2. Nf3 d6 3. d4 cxd4 4. Nxd4 Nf6 5. Nc3 a6 6. Be3 e5 7. Nb3 Be6 8. f3 Be7 9. Qd2 O-O 10. O-O-O Nbd7
11. g4 Qc7 12. Kb1 b5 13. g5 Nh5 14. Nd5 Bxd5 15. Qxd5 Nb6 16. Qd2 Rab8 17. Qf2 Nc4 18. Bc1 a5 19. h4 a4 20. Nd2 Nf4
21. Nxc4 bxc4 22. Bxf4 exf4 23. c3 a3 24. Rd2 d5 25. exd5 Bc5 26. Qe2 Rfe8 27. Qd1 Be3 28. Rc2 Red8 29. Be2 Qc5 30. Qf1 Qxd5
31. Bxc4 Qf5
0-1

[Event "Sicilian Najdorf"]
[Site "SchemingMind.com"]
[Date "2009.06.18"]
[Round "-"]
[White "acbrasileiro"]
[Black "maaac"]
[Result "1-0"]
[WhiteCountry "BRA"]
[BlackCountry "AUS"]
[WhiteElo "2047"]
[WhiteRD "83"]
[BlackElo "1936"]
[BlackRD "68"]
[GameID "208564"]

1. e4 c5 2. Nf3 d6 3. d4 cxd4 4. Nxd4 Nf6 5. Nc3 a6 6. Bg5 e6 7. f4 Be7 8. Qf3 Qa5 9. Nb3 Qc7 10. O-O-O Nbd7
11. Bd3 b5 12. Rhe1 Bb7 13. Bh4 O-O 14. g4 Nb6 15. g5 Nfd7 16. Bf2 b4 17. Ne2 a5 18. h4 a4 19. Nbd4 Rfc8 20. Nb5 Qb8
21. h5 b3 22. a3 bxc2 23. Rd2 Nc4 24. Rxc2 Bxe4 25. Qxe4 g6 26. Bxc4 d5 27. Bxd5 Rxc2+ 28. Kxc2
1-0

[Event "Sicilian Najdorf"]
[Site "SchemingMind.com"]
[Date "2009.06.18"]
[Round "-"]
[White "acbrasileiro"]
[Black "joopsim"]
[Result "1-0"]
[WhiteCountry "BRA"]
[BlackCountry "NED"]
[WhiteElo "2047"]
[WhiteRD "83"]
[BlackElo "2318"]
[BlackRD "80"]
[GameID "208565"]

1. e4 c5 2. Nf3 d6 3. d4 cxd4 4. Nxd4 Nf6 5. Nc3 a6 6. Be2 g6 7. Be3 Bg7 8. O-O O-O 9. Qd2 Nc6 10. Rad1 Ng4
11. Nxc6 bxc6 12. Bd4 e5 13. Bc5 Qh4 14. Bxg4 Bxg4 15. Bxd6 Bxd1 16. Bxf8 Bf3 17. gxf3 Rxf8 18. Rd1 Bh6 19. Qd7 Bf4 20. h3 f5
21. Qe6+ Kh8 22. Kg2 Qg5+ 23. Kf1 Qh4 24. Ke2 Bg5 25. Qxc6 Qxh3 26. Qe6 Qh2 27. Qxa6 Bf4 28. Rd8
1-0

[Event "Sicilian Najdorf"]
[Site "SchemingMind.com"]
[Date "2009.06.18"]
[Round "-"]
[White "acbrasileiro"]
[Black "BogusAurelius"]
[Result "0-1"]
[WhiteCountry "BRA"]
[BlackCountry "USA"]
[WhiteElo "2047"]
[WhiteRD "83"]
[BlackElo "2394"]
[BlackRD "79"]
[GameID "208566"]

1. e4 c5 2. Nf3 d6 3. d4 cxd4 4. Nxd4 Nf6 5. Nc3 a6 6. Bg5 e6 7. f4 Nbd7 8. Qf3 Qc7 9. Be2 Be7 10. O-O-O b5
11. e5 Bb7 12. Qg3 dxe5 13. fxe5 Qxe5 14. Bf4 Qc5 15. Nb3 Qf5 16. Nd4 Qg6 17. Bf3 Qxg3 18. Bxg3 Bxf3 19. Nxf3 Rc8 20. Rhf1 Nb6
21. Bh4 Ng4 22. Bxe7 Kxe7 23. Rfe1 Rhd8 24. Rxd8 Rxd8 25. h3 Nf6 26. Ne5 Rc8 27. Nd3 Nbd5 28. Nxd5+ Nxd5 29. Re4 f5 30. Re2 g5
31. Kd2 f4 32. a3 Ne3 33. Kc1 Kf6 34. b4 Rc6 35. Nc5 h5
0-1

[Event "Sicilian Najdorf"]
[Site "SchemingMind.com"]
[Date "2009.06.18"]
[Round "-"]
[White "acbrasileiro"]
[Black "badbishop"]
[Result "1/2-1/2"]
[WhiteCountry "BRA"]
[BlackCountry "POL"]
[WhiteElo "2110"]
[WhiteRD "80"]
[BlackElo "2234"]
[BlackRD "74"]
[GameID "208567"]

1. e4 c5 2. Nf3 d6 3. d4 cxd4 4. Nxd4 Nf6 5. Nc3 a6 6. Be3 e6 7. f3 b5 8. Qd2 Nbd7 9. g4 Nb6 10. Qf2 Nfd7
11. O-O-O Bb7 12. h4 Rc8 13. Kb1 Rxc3 14. bxc3 Qc7 15. Bd2 d5 16. Bd3 Ba3 17. h5 Na4 18. Ne2 O-O 19. h6 g6 20. g5 Ndb6
21. Bc1 Bxc1 22. Kxc1 e5 23. Kd2 Rc8 24. Ke1 Nxc3 25. Nxc3 Qxc3+ 26. Kf1 Nc4 27. Rh2 d4 28. Kg1 Nb2 29. Rd2 Qa3 30. f4 Rc3
31. fxe5 Nxd3 32. cxd3 Rxd3 33. Rxd3 Qxd3 34. Qf6 Qe3+ 35. Kf1=
1/2-1/2

[Event "Sicilian Najdorf"]
[Site "SchemingMind.com"]
[Date "2009.06.18"]
[Round "-"]
[White "acbrasileiro"]
[Black "thebirdolux"]
[Result "0-1"]
[WhiteCountry "BRA"]
[BlackCountry "USA"]
[WhiteElo "2057"]
[WhiteRD "81"]
[BlackElo "2415"]
[BlackRD "70"]
[GameID "208568"]

1. e4 c5 2. Nf3 d6 3. d4 cxd4 4. Nxd4 Nf6 5. Nc3 a6 6. Be2 e5 7. Nb3 Be7 8. O-O O-O 9. Be3 Be6 10. Qd2 a5
11. a3 a4 12. Nc1 Nc6 13. f4 exf4 14. Rxf4 d5 15. exd5 Nxd5 16. Nxd5 Bxd5 17. Nd3 Re8 18. Rf2 Bf6 19. Rd1 Bc4 20. Bf3 Qc7
21. Rdf1 Ne5 22. Be2 Rad8 23. Bg5 Bxg5 24. Qxg5 Qb6 25. Qd2 Bb5 26. Kh1 Nc4 27. Qg5 Ne3 28. Rxf7 Qg6 29. Qxg6 hxg6 30. R1f4 Nxc2
0-1

[Event "Sicilian Najdorf"]
[Site "SchemingMind.com"]
[Date "2009.06.18"]
[Round "-"]
[White "acbrasileiro"]
[Black "kiraly"]
[Result "0-1"]
[WhiteCountry "BRA"]
[BlackCountry "INT"]
[WhiteElo "2057"]
[WhiteRD "81"]
[BlackElo "2369"]
[BlackRD "79"]
[GameID "208569"]

1. e4 c5 2. Nf3 d6 3. d4 cxd4 4. Nxd4 Nf6 5. Nc3 a6 6. Be2 e5 7. Nb3 Be7 8. O-O O-O 9. Be3 Be6 10. Qd2 Nbd7
11. a4 Qc7 12. a5 Rac8 13. Rfd1 h6 14. Nc1 Rfd8 15. Qe1 Nc5 16. Bf3 Nh7 17. Nd5 Bxd5 18. exd5 Bg5 19. Bg4 Nd7 20. c3 Bxe3
21. Qxe3 Nhf6 22. Be2 Nf8 23. c4 Ng6 24. Ra4 Nf4 25. h3 Qd7 26. Rb4 Rc5 27. Nb3 Rc7 28. Bd3 Ra8 29. Rb6 Rac8 30. Rb4 g6
31. Bf1 Qf5 32. Rb6 Rxc4 33. Bxc4 Rxc4 34. Rxd6 Qg5 35. g3 Ne4
0-1

[Event "Sicilian Najdorf"]
[Site "SchemingMind.com"]
[Date "2009.06.18"]
[Round "-"]
[White "acbrasileiro"]
[Black "goodknight"]
[Result "1-0"]
[WhiteCountry "BRA"]
[BlackCountry "POL"]
[WhiteElo "2057"]
[WhiteRD "81"]
[BlackElo "2254"]
[BlackRD "71"]
[GameID "208570"]

1. e4 c5 2. Nf3 d6 3. d4 cxd4 4. Nxd4 Nf6 5. Nc3 a6 6. Be3 e5 7. Nb3 Be6 8. Qd2 Be7 9. f3 Nbd7 10. g4 b5
11. g5 Nh5 12. O-O-O O-O 13. Nd5 f5 14. Nxe7+ Qxe7 15. Qxd6 Rfe8 16. Qxe7 Rxe7 17. Bh3 g6 18. Rd6 Nf8 19. Nc5 f4 20. Bxe6+ Nxe6
21. Nxe6 fxe3 22. Re1 Nf4 23. Nc5 Rc7 24. Nd7 Rac8 25. c3 e2 26. Nxe5 b4 27. Nd3 Nxd3+ 28. Rxd3 bxc3 29. Rxe2 cxb2+ 30. Kxb2 Rf8
31. Ree3 Rf4 32. Ra3 Rc5 33. Rxa6 Rxg5 34. Rc6 Rh5 35. Rc2 Rfh4 36. a4 Kf7 37. Ra3 Rxh2 38. Rxh2 Rxh2+ 39. Kc3 Rf2 40. Kd4 Ke7
41. Ke5 Rb2 42. a5 Rb7 43. a6 Ra7 44. Kd5 Kd7 45. e5 h5 46. e6+ Ke7 47. Kc6 Kxe6 48. Kb6 Rxa6+ 49. Rxa6 Kf5 50. Kc5 Kf4
51. Rxg6
1-0

[Event "Sicilian Najdorf"]
[Site "SchemingMind.com"]
[Date "2009.06.18"]
[Round "-"]
[White "_keyes"]
[Black "acbrasileiro"]
[Result "0-1"]
[WhiteCountry "ENG"]
[BlackCountry "BRA"]
[WhiteElo "1929"]
[WhiteRD "70"]
[BlackElo "2057"]
[BlackRD "81"]
[GameID "208571"]

1. e4 c5 2. Nf3 d6 3. d4 cxd4 4. Nxd4 Nf6 5. Nc3 a6 6. Bg5 e6 7. f4 Qb6 8. Qd2 Qxb2 9. Rb1 Qa3 10. e5 dxe5
11. fxe5 Nfd7 12. Nb3 Be7 13. Bf4 O-O 14. Qe3 Nc6 15. Bd3 Bh4+ 16. g3 Bd8 17. O-O Bb6 18. Rfe1 Bxe3+ 19. Rxe3 Nc5 20. Nxc5 Qxc5
21. Ne4 Qa7 22. Re1 Nb4 23. a3 Nd5
0-1

[Event "Sicilian Najdorf"]
[Site "SchemingMind.com"]
[Date "2009.06.18"]
[Round "-"]
[White "griffimv"]
[Black "acbrasileiro"]
[Result "0-1"]
[WhiteCountry "INT"]
[BlackCountry "BRA"]
[WhiteElo "2282"]
[WhiteRD "81"]
[BlackElo "2110"]
[BlackRD "80"]
[GameID "208572"]

1. e4 c5 2. Nf3 d6 3. d4 cxd4 4. Nxd4 Nf6 5. Nc3 a6 6. Be3 Ng4 7. Bg5 h6 8. Bh4 g5 9. Bg3 Bg7 10. h3 Ne5
11. Nf5 Bxf5 12. exf5 Nbc6 13. Nd5 e6 14. fxe6 fxe6 15. Ne3 O-O 16. Be2 Qe7 17. O-O d5 18. c3 d4 19. cxd4 Nxd4 20. Bxe5 Bxe5
21. Ng4 Qg7 22. Nxe5 Qxe5 23. Bd3 Rad8 24. Rc1 Rf7 25. Qh5 Qf6 26. Rc3 Kg7 27. Be4 e5 28. g3 Rdf8 29. b4 Qd6 30. a3 b6
31. Kg2 a5 32. bxa5 bxa5 33. h4 gxh4 34. Qxh4 Re8
0-1

[Event "Sicilian Najdorf"]
[Site "SchemingMind.com"]
[Date "2009.06.18"]
[Round "-"]
[White "maaac"]
[Black "acbrasileiro"]
[Result "0-1"]
[WhiteCountry "AUS"]
[BlackCountry "BRA"]
[WhiteElo "1936"]
[WhiteRD "68"]
[BlackElo "2047"]
[BlackRD "83"]
[GameID "208573"]

1. e4 c5 2. Nf3 d6 3. d4 cxd4 4. Nxd4 Nf6 5. Nc3 a6 6. Bc4 e6 7. Bb3 b5 8. Bg5 Be7 9. Qd3 Bb7 10. f3 Nbd7
11. O-O-O Nc5 12. Qe2 Nfxe4 13. fxe4 Bxg5+ 14. Kb1 b4 15. Na4 Nxe4 16. Nxe6 fxe6 17. Qh5+ g6 18. Qg4 Qe7 19. Rhe1 d5 20. g3 Nf2
21. Qd4 O-O
0-1

[Event "Sicilian Najdorf"]
[Site "SchemingMind.com"]
[Date "2009.06.18"]
[Round "-"]
[White "joopsim"]
[Black "acbrasileiro"]
[Result "1/2-1/2"]
[WhiteCountry "NED"]
[BlackCountry "BRA"]
[WhiteElo "2318"]
[WhiteRD "80"]
[BlackElo "2047"]
[BlackRD "83"]
[GameID "208574"]

1. e4 c5 2. Nf3 d6 3. d4 cxd4 4. Nxd4 Nf6 5. Nc3 a6 6. Rg1 e5 7. Nb3 Be6 8. g4 d5 9. exd5 Nxd5 10. Nxd5 Qxd5
11. Qxd5 Bxd5 12. Be3 Nd7 13. O-O-O Bf3 14. Rd3 Be4 15. Rd2 Bb4 16. c3 Be7 17. g5 O-O-O 18. Bh3 Kc7 19. f4 Bc6 20. Bxd7 Rxd7
21. fxe5 Rhd8 22. Nd4 Bd5 23. Nf5 Bf8 24. Rgd1 b5 25. a3 Be6 26. Nd4 Bc4 27. b3 Bd5 28. Kb2 Kc8 29. h4 g6 30. Rc1 Bg7
31. Bf4 Bb7 32. Re1 Re8 33. h5 Ba8 34. Kc2 Bd5 35. hxg6 hxg6 36. a4 bxa4 37. bxa4 Kb7 38. a5 Ka8 39. Re3 Bf8 40. Rh2=
1/2-1/2